00531nam a2200121 i 4500001000300000245026800003260003600271300003400307040000800341041000800349080001100357008004100368bg 0aFiziko-chimiceskaja mechanika i liofil'nost' dispersnych sistem :brespublikanskij meżvedomstvennyj sbornik naucnych trudov /cAkademija Nauk Ukrainskoj SSR. Otdelenie Prirodnych Dispersnych Sistem Instytuta Kolloidnoj Chimii i Chimii Vody im. A. V. Dumanskogo. aKiev :b"Naukova Dumka",c1988. a100, [1] s. :brys. ;c26 cm. cBPK apol a541.18 s pl f |000 0 pol